000 00483nam a2200181Ia 4500
005 20250508163403.0
008 008 250505s9999 xx 000 0 hin d
037 _aTextual
040 _aFEDL
_beng
_cFEDL
041 _ahin
_2eng
084 _a370, VID
_qFEDL
245 0 _aVidya bharati : Smarika
260 _aDelhi, India
_bAkhil Bhartiya Shishu Shivir
_c1978
300 _a207p
650 _aEducation
942 _cTEXL
_h370, VID
999 _c1382742
_d1382742